000 00392nam a22001097a 4500
082 _a800
100 _aनागर,अमृतलाल
245 _aएक साहित्‍य सांस्‍थानिक व्‍यक्तित्‍व
260 _aजयपुुर
_bसाहित्‍यागार
_c2023
650 _aसाहित्‍य
942 _cHIN
999 _c66746
_d66746